Ricky Gervais career quiz - Statistics

General Stats
  • This quiz has been taken 13 times
  • The average score is 7 of 15
Answer Stats
Hint Answer % Correct
Who did Ricky co-write The Office (UK) with? Stephen Merchant
91%
How many BAFTA's did The Office (UK) win? 5
82%
Who was the producer of that show? Karl Pilkington
73%
Which Oscar winning actor featured in the 3rd episode of the first season of Extras Kate Winslet
64%
Who was the star of his sitcom Life's Too Short? Warwick Davis
64%
What belief system does he identify with? Atheism
55%
Ricky also hosted a radio show on what station? XFM
55%
How many Primetime Emmy nominations has he received? 23
45%
What film did he write, direct, produce and star in, in 2009 The Invention of Lying
36%
Which country does that duo have a cult following in? Philippines
27%
What was the name of Andy Millman's best friend on Extras Maggie Jacobs
18%
What pop music duo was he a part of? Seona Dancing
18%
What did he win a Golden Globe for Best-Standup Comedy Performance on Television for? Armageddon
9%
What character did he play in Night at the Museum? Dr McPhee
9%
Which Primetime Emmy award did he win in 2006 for The Office (UK) Outstanding comedy series
9%
No matching quizzes found
Score Distribution
Percent of People with Each Score
Percentile by Number Answered
Your Score History
You have not taken this quiz